| 000 | 00556nam a2200169 4500 | ||
|---|---|---|---|
| 999 |
_c12561 _d12561 |
||
| 008 | 240220b ||||| |||| 00| 0 eng d | ||
| 040 | _aBMS College of Architecture | ||
| 100 | _aDeepthi S M | ||
| 245 | _aAGRIFUSION:Agricultural Research and Community Centre | ||
| 300 | _a67p. | ||
| 500 | _a1CF19AT026 | ||
| 502 |
_8B,Arch _NBMS College of Architecture, Visvesvaraya Technological University (VTU) _aProject report _d2023 |
||
| 650 | _a Community Centre | ||
| 700 |
_aKetki Bharat Tendolkar _eGuide |
||
| 710 |
_aRamaraju G _aGuide |
||
| 942 |
_2ddc _cTHE |
||